[Event "Independence Cup"]
[Site "Kyiv UKR"]
[Date "2003.08.21"]
[Round "9"]
[White "Matorin,E"]
[Black "Kalinkin,B"]
[Result "1-0"]
[WhiteElo "2326"]
[BlackElo "2229"]

1.Nf3 d5 2.c4 c6 3.b3 Nf6 4.g3 g6 5.Bb2 Bg7 6.Bg2 O-O 7.O-O a5 8.cxd5 cxd5
9.Nc3 Nc6 10.d4 h6 11.Rc1 Bf5 12.Ne5 Rc8 13.Na4 Nb4 14.a3 Rxc1 15.Qxc1 Na6
16.f3 Qd6 17.Nc3 Rc8 18.g4 Be6 19.Qe3 Qb6 20.Na4 Qd6 21.Rc1 b6 22.Bf1 Rc7
23.Rxc7 Nxc7 24.Qc1 Nd7 25.Nd3 Nb8 26.e3 Bd7 27.Ne5 Be8 28.Kg2 Nd7 29.Nd3 Nb8
30.Qc2 Bb5 31.Ne5 Be8 32.Bd3 Nd7 33.f4 Nf8 34.h3 e6 35.Nc3 f5 36.Qe2 Qd8
37.gxf5 gxf5 38.Na4 Qd6 39.Qc2 Bf6 40.Kh2 Kh7 41.Nc3 Bd8 42.a4 Ng6 43.Nb1 Nxe5
44.dxe5 Qc5 45.Bd4 Qxc2+ 46.Bxc2 Na8 47.Bd3 Kg7 48.Nc3 Kf8 49.Ba6 Bc6 50.Nb5 Nc7
51.Bxb6 Nxa6 52.Bxd8 Bxb5 53.axb5 Nc5 54.Bxa5 Nxb3 55.Bb4+ Ke8 56.Kg3 d4
57.exd4 Nxd4 58.b6 Kd7 59.Bc5 Ne2+ 60.Kf3 Nc3 61.Bf8 Kc6 62.Bxh6 Kxb6 63.Kg3 Kc6
64.Kh4 Ne4 65.Kh5 Kd7 66.Kg6 Nf2 67.h4 Ke7 68.h5 Ng4 69.Bg5+ Kf8  1-0

[Event "Independence Cup"]
[Site "Kyiv UKR"]
[Date "2003.08.21"]
[Round "9"]
[White "Sergeev,Vl"]
[Black "Galinsky,T"]
[Result "1/2-1/2"]
[WhiteElo "2451"]
[BlackElo "2396"]

1.Nf3 d5 2.c4 e6 3.g3 c6 4.b3 Bd6 5.Bb2 Nf6 6.Bg2 O-O 7.O-O Nbd7 8.d4 Ne4
9.Nbd2 f5 10.Qc2 Ndf6 11.Ne5 Nxd2 12.Qxd2 Nd7 13.Nd3 b6 14.Nf4 Nf6 15.e3 Qe7
16.Rac1 Bb7 17.Rfd1 g5 18.Nd3 Rac8 19.Rc2 g4 20.Qe2 h5 21.f4 h4 22.c5 Bb8
23.Ne5 h3 24.Bf1 Bxe5 25.dxe5 Nd7 26.b4 Ra8 27.e4 dxe4 28.Rd6 Rfc8 29.Qd2 Nf8
30.a4 bxc5 31.Rxc5 a5 32.Rxa5 Rxa5 33.bxa5 Ra8 34.Bd4 Ba6 35.Bxa6 Rxa6 36.Bb6 Qb7
37.Rd8 Rxb6 38.axb6 Qxb6+ 39.Qd4 Qb1+ 40.Qd1 Qb2 41.Rd2 Qa3 42.Rd8 Qa2 43.Rd2 Qa3
44.Rd8 Qa2  1/2-1/2

[Event "Independence Cup"]
[Site "Kyiv UKR"]
[Date "2003.08.21"]
[Round "9"]
[White "Drozdovskij,Y"]
[Black "Ermolaev,A"]
[Result "1-0"]
[WhiteElo "2458"]
[BlackElo "2372"]

1.Nf3 d5 2.c4 c6 3.e3 Nf6 4.Nc3 e6 5.Be2 Nbd7 6.O-O Bd6 7.d4 O-O 8.b3 Re8
9.Bb2 dxc4 10.bxc4 e5 11.Qb3 Qe7 12.Rfe1 e4 13.Nd2 Nf8 14.a4 a6 15.Ba3 c5
16.dxc5 Bxc5 17.Nd5 Nxd5 18.Bxc5 Qxc5 19.cxd5 Rd8 20.Nxe4 Qxd5 21.Qb6 Re8
22.Nd6 Re6 23.Rad1 Qc6 24.Qxc6 bxc6 25.Nxc8 Rxc8 26.Bg4 a5 27.Bxe6 Nxe6 28.Rd6 c5
29.Rc1 c4 30.Rd5 c3 31.Rd3  1-0

[Event "Jezero Open"]
[Site "Belgrade YUG"]
[Date "2003.08.22"]
[Round "9"]
[White "Paulic,D"]
[Black "Arandjelovic,A"]
[Result "1-0"]
[WhiteElo "2113"]
[BlackElo "2151"]

1.Nf3 d5 2.c4 c6 3.d4 Nf6 4.Nc3 dxc4 5.a4 Bf5 6.e3 e6 7.Bxc4 Bb4 8.O-O O-O
9.Qe2 Nbd7 10.e4 Bg4 11.Rd1 Qa5 12.e5 Nd5 13.Nxd5 cxd5 14.Bd3 Be7 15.h3 Bh5
16.Be3 a6 17.Qc2 Bg6 18.Bxg6 hxg6 19.Rdc1 Rac8 20.Qxc8 Rxc8 21.Rxc8+ Nf8
22.Rac1 Qxa4 23.R1c7 Bb4 24.Rxb7 a5 25.Ng5 Qd1+ 26.Kh2 f6 27.exf6 gxf6 28.Nxe6 Qe2
29.Nxf8 Bd6+ 30.g3 Bxf8 31.Rbb8 Kf7 32.Rxf8+ Ke6 33.Rb6+ Kf5 34.Rfxf6+ Ke4
35.Rb3 g5 36.Re6+ Kf5 37.Re5+ Kf6 38.Bxg5+ Kf7 39.Rxe2  1-0

[Event "II American Continental"]
[Site "Buenos Aires ARG"]
[Date "2003.08.22"]
[Round "5"]
[White "Soppe,G"]
[Black "Luconi,C"]
[Result "1-0"]
[WhiteElo "2467"]
[BlackElo "2115"]

1.Nf3 d5 2.c4 e6 3.d4 c6 4.e3 Nd7 5.Bd3 Bd6 6.O-O Ngf6 7.Nbd2 O-O 8.e4 dxe4
9.Nxe4 Nxe4 10.Bxe4 Nf6 11.Bc2 h6 12.Qe2 Qc7 13.c5 Be7 14.Ne5 Rd8 15.Rd1 b6
16.Bf4 Qb7 17.Qf3 bxc5 18.Nxc6 Re8 19.Nxe7+ Rxe7 20.dxc5 Nd5 21.Bd6 Re8 22.Rab1 Bd7
23.b4 a6 24.a4 Rab8 25.Bxb8 Rxb8 26.Rd4 Bc6 27.Qd3 f5 28.Bb3 Rd8 29.b5 axb5
30.axb5 Be8 31.c6  1-0

[Event "XI Open A"]
[Site "Mislata ESP"]
[Date "2003.08.22"]
[Round "4"]
[White "Vassallo,M"]
[Black "Sucher,J"]
[Result "1-0"]
[WhiteElo "2396"]
[BlackElo "2190"]

1.Nf3 d5 2.c4 d4 3.g3 Nc6 4.Bg2 e5 5.d3 Bb4+ 6.Bd2 Qe7 7.O-O Nf6 8.Qa4 O-O
9.Bg5 h6 10.Bxf6 Qxf6 11.a3 Be7 12.Nbd2 g5 13.b4 Qg7 14.Ne1 Nd8 15.Nc2 f5
16.e3 f4 17.exd4 g4 18.Bd5+ Kh8 19.b5 Qg6 20.dxe5 Qxd3 21.Ne4 fxg3 22.hxg3 Bf5
23.Rad1 Qxe4 24.Bxe4 Bxe4 25.c5 Bf3 26.Rd7 Bxc5 27.Qc4  1-0

[Event "2nd It"]
[Site "Pays de Charleroi FRA"]
[Date "2003.08.22"]
[Round "1"]
[White "Vandevoort,P"]
[Black "Cappon,J"]
[Result "0-1"]
[WhiteElo "2353"]
[BlackElo "2216"]

1.Nf3 d5 2.c4 c6 3.e3 Nf6 4.Nc3 a6 5.b3 Bg4 6.d4 Nbd7 7.Be2 e6 8.Bb2 Bb4
9.O-O O-O 10.a3 Bd6 11.c5 Bc7 12.b4 Qe7 13.a4 e5 14.b5 Rfe8 15.bxc6 bxc6
16.a5 exd4 17.exd4 Rab8 18.Bc1 Ne4 19.Nxe4 dxe4 20.Nd2 Bxe2 21.Qxe2 Nxc5
22.Qc4 Nd3 23.Ba3 Qe6 24.Qxa6 Qh6  0-1

[Event "14th Sommerpokal"]
[Site "Recklinghausen GER"]
[Date "2003.08.23"]
[Round "6"]
[White "Ressmann,A"]
[Black "Michalczak,T"]
[Result "0-1"]
[WhiteElo "2214"]
[BlackElo "2333"]

1.Nf3 d5 2.c4 e6 3.g3 Nf6 4.Bg2 dxc4 5.Qa4+ Nbd7 6.Qxc4 a6 7.Qc2 c5 8.O-O Qc7
9.d4 b5 10.Bf4 Qa7 11.dxc5 Bxc5 12.a4 Ng4 13.e4 e5 14.Bg5 h6 15.Bc1 b4 16.h3 Ngf6
17.Nh4 Bb7 18.Nf5 O-O 19.g4 Rac8 20.g5 hxg5 21.Bxg5 Qa8 22.Bxf6 Nxf6 23.Ng3 Rfd8
24.Qe2 a5 25.Re1 Ba6 26.Qf3 Rd3 27.Re3 Bxe3 28.fxe3 Rc1+ 29.Kh2 Rdd1 30.Nf5 Bc8  0-1

[Event "Open"]
[Site "Vienna AUT"]
[Date "2003.08.23"]
[Round "8"]
[White "Vitouch,A"]
[Black "Bakker,S"]
[Result "1-0"]
[WhiteElo "2162"]
[BlackElo "2175"]

1.Nf3 d5 2.c4 c6 3.b3 Bg4 4.Bb2 Nd7 5.g3 Bxf3 6.exf3 e6 7.Bg2 Ngf6 8.O-O Be7
9.d4 O-O 10.c5 b6 11.b4 Qb8 12.Qe2 Ne8 13.f4 Bf6 14.Rc1 Nc7 15.Na3 Qb7 16.Rab1 Rfb8
17.Bc3 g6 18.Bf1 Bg7 19.b5 bxc5 20.dxc5 Bxc3 21.Rxc3 Rc8 22.Qc2 Rab8 23.Qc1 Nf6
24.Rcb3 Nxb5 25.Bxb5 cxb5 26.Nxb5 Qd7 27.Nd4 Rxb3 28.axb3 a5 29.b4 axb4 30.Rxb4 Qa7
31.c6 Ne4 32.Qb2 Qc7 33.Rb7 Qa5 34.Nxe6 Qe1+ 35.Kg2 Nc3 36.Ng5 Rxc6 37.Rxf7 Qe8
38.Qb7 h6 39.Rg7+ Kf8 40.Nh7+  1-0

[Event "Open"]
[Site "Vienna AUT"]
[Date "2003.08.23"]
[Round "8"]
[White "Timoscenko,G"]
[Black "Willemze,J"]
[Result "1/2-1/2"]
[WhiteElo "2530"]
[BlackElo "2327"]

1.Nf3 d5 2.c4 c6 3.e3 Nf6 4.d4 Bf5 5.cxd5 cxd5 6.Qb3 Qc7 7.Bd2 e6 8.Bb5+ Nc6
9.O-O Nd7 10.Rc1 Bd6 11.Bxc6 bxc6 12.Bb4 Ke7 13.Ne5 Nxe5 14.dxe5 Bxb4 15.Qxb4+ Kd7
16.Nd2 Rhb8 17.Qc3 c5 18.b3 Rc8 19.e4 Bxe4 20.Nxe4 dxe4 21.Re1 Ke8 22.Rxe4 Rd8
23.Rc1 Rd5 24.h3 Rad8 25.Rc2 Qb8 26.Rce2 Qb5 27.Kh2 Rd4 28.Qc2 R8d5 29.R4e3 g6
30.Rc3  1/2-1/2

[Event "ADCF Masters"]
[Site "Abu Dhabi UAE"]
[Date "2003.08.24"]
[Round "8"]
[White "Murshed,N"]
[Black "Bagirov,R"]
[Result "1/2-1/2"]
[WhiteElo "2443"]
[BlackElo "2507"]

1.Nf3 d5 2.c4 e6 3.g3 Nf6 4.Bg2 dxc4 5.Qa4+ c6 6.Qxc4 b5 7.Qc2 Bb7 8.O-O Nbd7
9.a4 a6 10.Nc3 Be7 11.Nd4 Qb6 12.Nb3 O-O 13.d4 Rac8 14.Bg5 c5 15.Bxb7 Qxb7
16.dxc5 Bxc5 17.Nxc5 Rxc5 18.Be3 Rh5 19.axb5 axb5 20.Ra7 Qc8 21.Rc1 Ng4 22.Nd1 Qd8
23.Qc7 Qxc7 24.Raxc7 Nxe3 25.Nxe3 Nf6 26.Rb7 g6 27.Rc6 Nd5 28.Nc2 Rd8 29.e3 Nf6
30.Rcc7 Rd1+ 31.Kg2 Rd2 32.Rxf7 Rf5 33.Rfe7 Rfxf2+ 34.Kg1 Ng4 35.Re8+ Rf8
36.Rxf8+ Kxf8 37.Nd4 e5 38.Ne6+ Ke8 39.Rxh7 Rxb2  1/2-1/2

[Event "TCh-BIH"]
[Site "Neum BIH"]
[Date "2003.08.25"]
[Round "4"]
[White "Komic,I"]
[Black "Hodzic,N"]
[Result "1/2-1/2"]
[WhiteElo "2287"]
[BlackElo "2274"]

1.Nf3 d5 2.c4 c6 3.e3 Nf6 4.Nc3 e6 5.b3 Nbd7 6.Bb2 Bd6 7.Qc2 O-O 8.Be2 Re8
9.O-O a6 10.d4 dxc4 11.bxc4 e5 12.Rfe1 exd4 13.exd4 Nf8 14.h3 Ng6 15.Bf1 Rxe1
16.Rxe1 Qa5 17.c5 Bf8 18.Bc4 Nf4 19.Qb3 Qc7 20.Ne5 Be6 21.Bxe6 fxe6 22.Ne4 Nxe4
23.Rxe4 Nd5 24.Nc4  1/2-1/2

[Event "II American Continental"]
[Site "Buenos Aires ARG"]
[Date "2003.08.27"]
[Round "9"]
[White "Labollita,M"]
[Black "Kanefsck,G"]
[Result "0-1"]
[WhiteElo "2454"]
[BlackElo "2389"]

1.Nf3 d5 2.c4 c6 3.d4 Nf6 4.Nc3 e6 5.Bg5 dxc4 6.e4 b5 7.e5 h6 8.Bh4 g5 9.Nxg5 hxg5
10.Bxg5 Be7 11.Bxf6 Bxf6 12.exf6 Qxf6 13.g3 Na6 14.Bg2 Bb7 15.Nxb5 O-O-O
16.Na3 Rxd4 17.Qf3 Qe5+ 18.Qe3 Qa5+ 19.Qc3 Qe5+ 20.Qe3 Qa5+ 21.Qc3 Qe5+ 22.Kf1 Rhd8
23.Re1 Qc5 24.h4 Nb4 25.Kg1 Nd3 26.Rf1 Rg4 27.Rh3 Rdg8 28.b4 Nxb4 29.h5 Nd3
30.h6 Nf4 31.Kh2 Nxh3 32.h7 Nxf2 33.h8=Q Rxg3 34.Bf3 Qd6  0-1

[Event "II American Continental"]
[Site "Buenos Aires ARG"]
[Date "2003.08.27"]
[Round "9"]
[White "Chtcherbine,A"]
[Black "Morgado,J"]
[Result "0-1"]
[WhiteElo "2156"]
[BlackElo "2275"]

1.Nf3 d5 2.c4 e6 3.b3 Be7 4.Bb2 Bf6 5.Nc3 Ne7 6.g3 O-O 7.Bg2 c6 8.O-O e5
9.e4 dxc4 10.bxc4 Na6 11.Ne2 Qa5 12.Ne1 Rd8 13.d3 Nc5 14.f4 Ng6 15.Qc2 Qa4
16.fxe5 Qxc2 17.Nxc2 Nxd3 18.exf6 Nxb2 19.Ne3 Be6 20.fxg7 Nxc4 21.Nf5 f6
22.Ned4 Bxf5 23.Nxf5 Nd6 24.Rab1 b6 25.e5 Nxe5 26.Ne7+ Kxg7 27.Nxc6 Nxc6
28.Bxc6 Rac8 29.Ba4 Nf7 30.Rbe1 Ne5 31.Re4 Rc4 32.Ref4 Rxf4 33.gxf4 Rd4 34.Bb3 Nd7
35.Re1 Kf8 36.Rd1 Rxd1+ 37.Bxd1 Ke7 38.Kf2 Kd6 39.Be2 h6 40.Kg3 Ke7 41.Kg4 Kf7
42.f5 Nc5 43.Kf4 a6 44.Bd1 b5 45.Be2 b4 46.Bc4+ Ke7 47.Kg4 a5 48.Kh5 a4 49.Kxh6 a3
50.Kg7 b3 51.Bxb3 Nxb3 52.h4 Nd4 53.Kg6 Ne2 54.Kh6 Kf7 55.Kh7 Ng3  0-1

[Event "II American Continental"]
[Site "Buenos Aires ARG"]
[Date "2003.08.28"]
[Round "10"]
[White "Lida Garcia,F"]
[Black "Ustariz,C"]
[Result "1-0"]
[WhiteElo "2130"]
[BlackElo "2130"]

1.Nf3 d5 2.c4 e6 3.g3 c5 4.Bg2 Nc6 5.cxd5 exd5 6.d4 Nf6 7.O-O Be7 8.Nc3 O-O
9.Bf4 Be6 10.Rc1 Rc8 11.dxc5 Bxc5 12.Nb5 Ne4 13.Nbd4 Nxd4 14.Nxd4 Qb6 15.Be3 Qxb2
16.Bxe4 dxe4 17.Rxc5 Bh3 18.Rxc8 Rxc8 19.Qb1 Qa3 20.Rc1 Re8 21.Qb5 Rd8 22.Qh5 Bd7
23.Qd5 h6 24.Rc7 Qe7 25.Qxb7 Qd6 26.Kg2 h5 27.h4 a6 28.Nc6 Bxc6 29.Rxc6 Qd5
30.Qxa6 Qd1 31.Rc8 Qd7 32.Rxd8+ Qxd8 33.a4 f5 34.Qe6+  1-0

[Event "European GP"]
[Site "Izmir TUR"]
[Date "2003.08.28"]
[Round "4"]
[White "Asanbekov,U"]
[Black "Mamedjarova,T"]
[Result "0-1"]
[WhiteElo "2063"]
[BlackElo "2245"]

1.Nf3 d5 2.c4 Nf6 3.g3 dxc4 4.Qa4+ c6 5.Qxc4 e6 6.Bg2 Be7 7.O-O O-O 8.d4 Nbd7
9.Nc3 Nb6 10.Qb3 Nbd5 11.Re1 Qb6 12.Qc2 Nxc3 13.bxc3 Bd7 14.Ne5 Rfc8 15.e4 c5
16.d5 Qa6 17.a4 exd5 18.Nxd7 Nxd7 19.exd5 Bf6 20.Rd1 Qd6 21.Rb1 b6 22.c4 Re8
23.Bf4 Be5 24.Be3 Nf6 25.f4 Bb2 26.Bf2 Ba3 27.Bf3 Bb4 28.Kg2 Re7 29.Be1 a5
30.Bc3 Re3 31.Be5 Rxe5 32.fxe5 Qxe5 33.d6 Rd8 34.Qd3 g5 35.Bc6 Ng4 36.Rb3 Rxd6
37.Qxd6 Qe2+ 38.Kh3 Nf2+ 39.Kg2 Nxd1+  0-1

[Event "1st League TCh-SCG w"]
[Site "Budva SCG"]
[Date "2003.08.29"]
[Round "1"]
[White "Todorovic,V"]
[Black "Gaponenko,I"]
[Result "0-1"]
[WhiteElo "2125"]
[BlackElo "2399"]

1.Nf3 d5 2.c4 d4 3.g3 c5 4.Bg2 Nc6 5.d3 f6 6.O-O e5 7.e3 Be6 8.exd4 cxd4
9.Ne1 Bd6 10.f4 Nge7 11.fxe5 Bxe5 12.Nd2 O-O 13.Ne4 b6 14.Nc2 a5 15.b3 Qd7
16.Ba3 Rfd8 17.Qe2 Re8 18.Rae1 Nf5 19.Qf3 Rac8 20.Bc1 Nfe7 21.Ba3 Ng6 22.Qf2 Nce7
23.c5 Nf5 24.cxb6 Ne3 25.Nxe3 dxe3 26.Qe2 Bg4 27.Bf3 Bh3 28.Bg2 Bxg2 29.Kxg2 f5
30.Ng5 Bc3 31.Qh5 Qc6+ 32.Kg1 h6 33.Re2 hxg5 34.Rxf5 Ne5 35.Bc1 g6 36.Qxg5 Nf3+
37.Rxf3 Qxf3 38.Qxg6+ Bg7 39.Bb2 Qf7 40.Qg5 Re5 41.Qg4 Rf8 42.Qh3  0-1

[Event "1st League TCh-SCG"]
[Site "Budva SCG"]
[Date "2003.08.29"]
[Round "1"]
[White "Martinovic,Sl"]
[Black "Krivokapic,M"]
[Result "1/2-1/2"]
[WhiteElo "2441"]
[BlackElo "2312"]

1.Nf3 d5 2.c4 dxc4 3.Qa4+ Nd7 4.Qxc4 Ngf6 5.g3 e6 6.Bg2 a6 7.Qc2 Be7 8.O-O O-O
9.b3 c5 10.Bb2 Qc7 11.d3 b5 12.Nbd2 Bb7 13.Rfc1 Rac8 14.a4 Rfd8 15.axb5 axb5
16.Qc3 Nb6 17.Qe5 Bd6 18.Qg5 h6 19.Qh4 Be7 20.Qh3 Ra8 21.Ne5 Bxg2 22.Qxg2 Nbd5
23.Ne4 Rxa1 24.Rxa1 Nxe4 25.Qxe4 f5 26.Qg2 Bf6 27.f4 Ne3 28.Qf3 Ng4 29.Ra8 Rxa8
30.Qxa8+ Kh7 31.Nxg4 Bxb2 32.Nf2 c4  1/2-1/2

[Event "II American Continental"]
[Site "Buenos Aires ARG"]
[Date "2003.08.29"]
[Round "11"]
[White "Spangenberg,H"]
[Black "Mahia,G"]
[Result "1-0"]
[WhiteElo "2495"]
[BlackElo "2377"]

1.Nf3 d5 2.c4 c6 3.Qc2 g6 4.g3 Bg7 5.Bg2 e5 6.d3 Ne7 7.O-O O-O 8.Nbd2 a5
9.Rb1 Na6 10.a3 b5 11.b3 Be6 12.Bb2 f6 13.Rfc1 Qd7 14.Qd1 Rac8 15.Bc3 b4
16.axb4 axb4 17.Bb2 Ra8 18.Ra1 Qb7 19.Qc2 Rfc8 20.h4 Kh8 21.h5 g5 22.Ra5 h6
23.Rca1 Bg4 24.d4 e4 25.Nxe4 dxe4 26.Qxe4 Bxh5 27.Qe6 Bg6 28.e4 Re8 29.Nd2 Nf5
30.exf5 Rxe6 31.fxe6 f5 32.c5 Qc8 33.e7 Nc7 34.Rxa8 Nxa8 35.Nc4 Nc7 36.Ra7 Qd7
37.d5 Qxe7 38.Bxg7+ Kxg7 39.d6 Qe1+ 40.Kh2 Qxf2 41.dxc7 Qxc5 42.Rb7 f4 43.c8=Q+ Bf7
44.Qc7  1-0

[Event "II American Continental"]
[Site "Buenos Aires ARG"]
[Date "2003.08.29"]
[Round "11"]
[White "Chtcherbine,A"]
[Black "Dos Santos,F"]
[Result "1-0"]
[WhiteElo "2156"]
[BlackElo "2193"]

1.Nf3 d5 2.c4 e6 3.e3 c6 4.b3 f5 5.Be2 Nf6 6.O-O Bd6 7.d4 O-O 8.Ba3 Bxa3
9.Nxa3 Bd7 10.b4 Qe7 11.Qb3 a6 12.c5 Ne4 13.Nb1 Be8 14.Ne5 Nd7 15.Nxd7 Bxd7
16.f3 Nf6 17.f4 Kh8 18.Nd2 Be8 19.a4 Bh5 20.Bxh5 Nxh5 21.b5 g5 22.bxc6 bxc6
23.Rab1 gxf4 24.exf4 Rg8 25.Qe3 Qg7 26.Qe5 Qxe5 27.dxe5 Rg4 28.g3 Rg7 29.Rb6 Rc7
30.Nf3 Ng7 31.Nd4 h5 32.Rfb1 h4 33.Rxc6 Re7 34.Rbb6 hxg3 35.hxg3 Nh5 36.Kf2 Rg8
37.Rb2 Rh7 38.Nxe6 Rh6 39.Nd4 Rh7 40.Ne2 a5 41.Rbb6 d4 42.Rd6 Ng7 43.Nxd4 Rc8
44.Rh6 Rxh6 45.Rxh6+ Kg8 46.c6 Kf7 47.Nb5 Ne8 48.Nd6+ Nxd6 49.Rxd6 Ke7 50.g4 fxg4
51.Kg3 Rb8 52.Kxg4 Rb4 53.Kf5 Rxa4 54.Rd7+ Ke8 55.Ra7 Rc4 56.Rxa5 Rxc6  1-0

[Event "1st League TCh-SCG w"]
[Site "Budva SCG"]
[Date "2003.08.30"]
[Round "2"]
[White "Ivanisevic,Dusi"]
[Black "Velcheva,M"]
[Result "0-1"]
[WhiteElo "2097"]
[BlackElo "2292"]

1.Nf3 d5 2.c4 e6 3.g3 Nf6 4.Bg2 dxc4 5.Qa4+ c6 6.Qxc4 b5 7.Qc2 Bb7 8.d4 Nbd7
9.Ne5 Nxe5 10.dxe5 Nd5 11.O-O Be7 12.Rd1 Qb6 13.e4 Nb4 14.Qe2 c5 15.Be3 Nc6
16.Qg4 g6 17.f4 O-O 18.Nc3 Nd4 19.Rd2 Rfd8 20.Kh1 Bc6 21.Qd1 Rd7 22.Rc1 Rad8
23.Ne2 Qb7 24.Nc3 b4 25.Na4 Bxe4 26.Nxc5 Bxc5 27.Rxc5 Bxg2+ 28.Rxg2 Nf5  0-1

[Event "WGM"]
[Site "Punat CRO"]
[Date "2003.08.30"]
[Round "6"]
[White "Franciskovic,B"]
[Black "Lakos,N"]
[Result "0-1"]
[WhiteElo "2034"]
[BlackElo "2372"]

1.Nf3 d5 2.c4 e6 3.g3 dxc4 4.Bg2 c6 5.a4 Qd5 6.Qc2 Na6 7.Na3 Nb4 8.Qc3 Nf6
9.O-O Ne4 10.Qxc4 f6 11.d3 Qxc4 12.Nxc4 Nc5 13.Bd2 Nb3 14.Rad1 e5 15.Bc3 Be6
16.Nfd2 Nxd2 17.Nxd2 O-O-O 18.Bxb4 Bxb4 19.f4 exf4 20.gxf4 f5 21.Nc4 Rhe8
22.Bf3 a5 23.Kg2 Kc7 24.Kg3 Bg8 25.Rc1 Re6 26.Rfd1 Rg6+ 27.Kf2 Rh6 28.Kg2 Bd6
29.Nxd6 Rhxd6 30.Rc5 g6 31.Rxa5 Rd4 32.Kg3 Bb3 33.Rc1 Bxa4 34.Ra1 Bb5 35.Rc1 Rb4
36.Rc2 Rdd4 37.h3 Kb6 38.Ra8 Rxf4 39.Rh8 Rh4 40.Rd2 g5 41.Rg8 h6 42.e4 Bxd3
43.Rxd3 fxe4 44.Bxe4 Rhxe4 45.Rg6 Rh4 46.b3 Rbe4 47.Rg7 Ka6 48.Rc3 Re1 49.Rd3 Rb1
50.Rc3 Rh1 51.Kg2 Rb1 52.Kg3 Rb4 53.Rh7 R1xb3 54.Rxb3 Rxb3+ 55.Kg4 Rb4+ 56.Kf5 Rh4  0-1

[Event "1st League TCh-SCG"]
[Site "Budva SCG"]
[Date "2003.09.01"]
[Round "4"]
[White "Savanovic,A"]
[Black "Petronijevic,Z"]
[Result "1/2-1/2"]
[WhiteElo "2396"]
[BlackElo "2408"]

1.Nf3 d5 2.c4 e6 3.b3 Nf6 4.g3 Be7 5.Bg2 O-O 6.O-O b6 7.Bb2 Bb7 8.Nc3 dxc4
9.bxc4 c5 10.e3 Na6 11.Qe2 Nc7 12.Ne1 Bxg2 13.Kxg2 a6 14.a4 Rb8 15.f4 Qd7
16.Nf3 Rfd8 17.Rfd1 b5 18.axb5 axb5 19.Nxb5 Nxb5 20.cxb5 Rxb5 21.Bxf6 Bxf6
22.Rab1 Rb4 23.Rbc1 Qd5 24.Rc2 h5 25.Rdc1 Be7 26.Kf2 g6 27.Rc4 Rb2 28.R4c2 Rb4
29.Ne5 Bf8 30.Qf3 Ra4 31.Qxd5 exd5 32.Rb1 Bd6 33.Nf3 Rda8 34.Rb6 R8a6 35.Rcb2 Kg7
36.Rxa6 Rxa6 37.Rb7 Rc6 38.Rd7 Kf8 39.Ng5 Be7 40.Rxd5 Bxg5 41.Rxg5 c4 42.Ra5 c3
43.dxc3 Rxc3 44.Ra2 Ke7 45.Re2 Kf6 46.Kg2 Ra3 47.Kh3 Rb3 48.Kh4 Ra3 49.e4 Ra4
50.h3 Rb4 51.g4 hxg4 52.hxg4 g5+ 53.fxg5+ Kg6 54.Re1 Rd4 55.e5 Ra4 56.e6 fxe6
57.Rxe6+ Kf7 58.Rb6 Ra1 59.g6+ Kg7 60.Kh5 Ra5+ 61.g5 Ra1 62.Rb7+ Kg8 63.g7 Kh7
64.g8=Q+ Kxg8 65.Kh6 Ra6+ 66.g6 Ra8  1/2-1/2

[Event "WGM"]
[Site "Punat CRO"]
[Date "2003.09.01"]
[Round "8"]
[White "Franciskovic,B"]
[Black "Medic,Mir"]
[Result "1/2-1/2"]
[WhiteElo "2034"]
[BlackElo "2271"]

1.Nf3 d5 2.c4 c6 3.g3 Bg4 4.Bg2 e6 5.b3 Nd7 6.Bb2 Ngf6 7.O-O Bd6 8.d3 O-O
9.Nbd2 Qe7 10.Qc2 e5 11.e4 dxe4 12.dxe4 a5 13.a3 Rfd8 14.h3 Bxf3 15.Nxf3 Ne8
16.Nh4 g6 17.Bf3 Ng7 18.Be2 Nf8 19.Bc3 f6 20.Qb2 Bc5 21.b4 Bd4 22.Nf3 axb4
23.axb4 Bxc3 24.Qxc3 Rxa1 25.Rxa1 c5 26.bxc5 Nge6 27.Rd1 Nxc5 28.Rxd8 Qxd8
29.Qd2 Qxd2 30.Nxd2 Nfe6 31.f3 Nd4 32.Kf2 Kf7 33.Ke3 Ke6 34.Bd1 Kd6 35.Nb1 Nd7
36.Kd3 Kc5 37.Nd2 Kb4 38.h4 Nc5+ 39.Ke3 Nc6 40.Be2 Na5 41.f4 Nd7 42.f5 Nf8
43.Bf1 h6 44.fxg6 Nxg6 45.Be2 Ne7 46.Bf1 Nc8 47.Kf3 Kc3 48.Nb1+ Kd4 49.Na3 Kc5
50.Kg4 Nd6 51.Kh5 Nxe4 52.Kxh6 Nxg3 53.Bg2 Nf5+ 54.Kh5 Nc6 55.Bh3 Nce7 56.Bxf5 Nxf5
57.Kg4 Ne3+ 58.Kf3 Nf5 59.Kg4 Nxh4 60.Kxh4 b6 61.Kg4 Kb4 62.Nc2+ Kxc4 63.Kf5 b5
64.Kxf6 e4 65.Ke5 Kd3 66.Ne1+ Ke3 67.Kd5 Kd2 68.Kxe4  1/2-1/2

[Event "ch-ROM"]
[Site "Satu Mare ROM"]
[Date "2003.09.01"]
[Round "1.1"]
[White "Musat,A"]
[Black "Bonte,An"]
[Result "1-0"]
[WhiteElo "2397"]
[BlackElo "2219"]

1.Nf3 d5 2.c4 e6 3.g3 Nf6 4.Bg2 Be7 5.O-O O-O 6.d4 c5 7.cxd5 exd5 8.Nc3 Nc6
9.Bg5 Be6 10.dxc5 Bxc5 11.Bxf6 Qxf6 12.Nxd5 Qxb2 13.Nc7 Rad8 14.Qc1 Qxc1
15.Raxc1 Be7 16.Nxe6 fxe6 17.Rb1 Rd7 18.Rfc1 Bf6 19.e3 Rfd8 20.Bf1 Na5 21.Bb5 Rd6
22.Be2 R6d7 23.Rc5 Rd5 24.Rc2 R5d7 25.a4 Kf8 26.Kg2 Kg8 27.Rb4 Kf8 28.Re4 Re7
29.h4 Nc6 30.Bb5 Na5 31.g4 g6 32.g5 Bg7 33.Ng1 Kf7 34.Nh3 Bh8 35.Nf4 Bg7
36.Be2 Nc6 37.Bc4 Rd6 38.Bb3 Na5 39.Bxe6+ Ke8 40.Rc8+ Rd8 41.Rxd8+ Kxd8 42.Bd5 Rxe4
43.Bxe4 Ke7 44.h5 a6 45.hxg6 hxg6 46.Nxg6+ Kf7 47.Nf4 Be5 48.Bd5+ Kg7 49.Ne6+ Kg6
50.f4 Bc3 51.Kf3 b5 52.axb5 axb5 53.Nc5 Nc4 54.Bxc4 bxc4 55.Ne6 Kf5 56.Nd4+ Kg6
57.Ke4 Bd2 58.Nf3 c3 59.Kd3 Bc1 60.Ne5+ Kf5 61.Nc4 Kg6 62.Kxc3  1-0

[Event "European GP"]
[Site "Izmir TUR"]
[Date "2003.09.03"]
[Round "9"]
[White "Pantsulaia,L"]
[Black "Gelashvili,T"]
[Result "1-0"]
[WhiteElo "2461"]
[BlackElo "2520"]

1.Nf3 d5 2.c4 c6 3.g3 Nf6 4.Bg2 e6 5.b3 Be7 6.O-O O-O 7.Bb2 b6 8.d4 Bb7 9.Nbd2 Nbd7
10.Ne5 c5 11.cxd5 Nxd5 12.e4 Nb4 13.Ndc4 Nxe5 14.dxe5 Ba6 15.a3 Bxc4 16.bxc4 Nc6
17.Qe2 Qc7 18.f4 Rad8 19.Rf2 Rd7 20.Raf1 Nd4 21.Qg4 b5 22.f5 Qxe5 23.cxb5 c4
24.Bc1 exf5 25.exf5 f6 26.Bc6 Nxc6 27.bxc6 Rd4 28.Bf4 Qc5 29.Qe2 Rxf4 30.Qe6+ Kh8
31.gxf4 Bd8 32.Kg2 c3 33.Rc2 Bb6 34.a4 h6 35.Rd1 Kh7 36.Qd6 Qxf5 37.Qd3 Qxd3
38.Rxd3 Ba5 39.Rd5 Bb4 40.a5 a6 41.Rd4 Bxa5 42.Ra4 Bc7 43.Rxc3 a5 44.Rb3 Kg6
45.Rb7 Rc8 46.Rd4 Kf5 47.Rb5+ Ke6 48.f5+ Kf7 49.Rd7+ Kf8 50.Rb7  1-0

[Event "56th ch-RUS"]
[Site "Krasnoyarsk RUS"]
[Date "2003.09.03"]
[Round "1"]
[White "Sambuev,B"]
[Black "Yevseev,D"]
[Result "1/2-1/2"]
[WhiteElo "2496"]
[BlackElo "2589"]

1.Nf3 d5 2.c4 c6 3.e3 Nf6 4.Nc3 a6 5.Be2 dxc4 6.a4 Bg4 7.Bxc4 e6 8.h3 Bh5
9.O-O Nbd7 10.d4 Bb4 11.e4 Bxc3 12.bxc3 Nxe4 13.Re1 Ndf6 14.g4 Bg6 15.Ba3 Qc7
16.Ne5 O-O-O 17.h4 Nd5 18.h5 Nexc3 19.Qb3 f6 20.Nxc6 Qxc6 21.Bxd5 Qxd5 22.Qxc3+ Kb8
23.Rac1 Be8 24.Rxe6 Bxa4 25.Rb6 Rd7 26.Bd6+ Ka8 27.Qb4 Bb5 28.Rc5 Qe4 29.Rcxb5 Rxd6
30.Qxd6 Qxg4+ 31.Kf1 Qd1+  1/2-1/2

[Event "Polish Extraleague"]
[Site "Lubniewice POL"]
[Date "2003.09.03"]
[Round "5"]
[White "Przewoznik,J"]
[Black "Mikhaletz,L"]
[Result "1/2-1/2"]
[WhiteElo "2408"]
[BlackElo "2471"]

1.Nf3 d5 2.c4 e6 3.g3 Nf6 4.Bg2 c5 5.cxd5 Nxd5 6.O-O Nc6 7.d4 Nf6 8.dxc5 Qxd1
9.Rxd1 Bxc5 10.Nc3 Bd7 11.Nb5 Ke7 12.Bg5 a6 13.Nc3 Rhd8 14.Ne4 Ba7 15.Rd2 Be8
16.Rad1 Rxd2 17.Rxd2 Rd8 18.Rxd8 Nxd8 19.e3 Nc6 20.Bh4 Bb8 21.g4 h6 22.g5 hxg5
23.Bxg5 Nb4 24.a3 Nd3 25.b4 Ne5 26.Nxe5 Bxe5 27.Nc5 b6 28.Nxa6 Bb2 29.Nc7 Bd7
30.Na8 b5 31.Bf1 Kd6 32.Nb6 Be8 33.Nc8+ Kc7 34.Na7 Kb6 35.Nc8+ Kc7 36.Na7 Kb6
37.Nc8+ Kc7  1/2-1/2

[Event "1st Misr Closed"]
[Site "Cairo EGY"]
[Date "2003.09.04"]
[Round "5"]
[White "Kosten,A"]
[Black "El Gindy,E"]
[Result "1/2-1/2"]
[WhiteElo "2514"]
[BlackElo "2498"]

1.Nf3 d5 2.c4 e6 3.b3 Nf6 4.g3 Be7 5.Bg2 O-O 6.O-O Nbd7 7.Nc3 b6 8.cxd5 exd5
9.d4 Bb7 10.Bb2 Re8 11.Ne5 Bd6 12.Nc4 Bf8 13.Ne3 c6 14.Qc2 g6 15.Rad1 a5
16.Bh3 Ne4 17.Nxe4 Rxe4 18.Nc4 Ba6 19.Bg2 Re6 20.Ne3 Qe7 21.Rfe1 Re8 22.Bc1 Kh8
23.Bf3 Nf6 24.Ng2 Bxe2 25.Bxe2 Rxe2 26.Qxc6 Qd6 27.Qxd6 Bxd6 28.Bg5 Rxe1+
29.Rxe1 Rxe1+ 30.Nxe1 Nd7 31.Nd3 Kg7 32.a4 Kf8 33.h4 f6 34.Bh6+ Kf7 35.Nf4 Bf8
36.Bxf8 Nxf8 37.Nxd5 Ne6 38.b4 axb4 39.Nxb4 Nxd4 40.Nd5 b5 41.a5 Nc6 42.a6 Na7
43.g4 Ke6 44.Nc7+ Kd6 45.Ne8+ Ke7 46.Nc7 Kd6 47.Ne8+ Ke5 48.Kf1 Ke6 49.Ke2 Ke7
50.Nc7 Kd6 51.Ne8+ Ke7 52.Nc7 Kd6 53.Ne8+  1/2-1/2

[Event "Polish Extraleague"]
[Site "Lubniewice POL"]
[Date "2003.09.04"]
[Round "6"]
[White "Przewoznik,J"]
[Black "Koziak,V"]
[Result "1/2-1/2"]
[WhiteElo "2408"]
[BlackElo "2455"]

1.Nf3 d5 2.c4 c6 3.b3 Bg4 4.g3 Bxf3 5.exf3 Nf6 6.Bb2 e6 7.Bg2 Be7 8.O-O O-O
9.d4 a5 10.Nc3 Nbd7 11.f4 g6 12.h4 Re8 13.Bf3 h5 14.f5 gxf5 15.cxd5 cxd5
16.Bxh5 Nxh5 17.Qxh5 Nf6 18.Qg5+ Kh8 19.Qh6+ Nh7 20.Qh5 Rg8 21.Qxf7 Qd6 22.Rfe1 Rxg3+
23.Kf1 Rg7 24.Qxe6 Qh2 25.Ke2 Bxh4 26.Kd3 Qxf2 27.Re2 Qf3+ 28.Re3 Qf2 29.Re2 Qf3+
30.Re3 Qg2 31.Re2 Qf3+  1/2-1/2